Statistics for List of Canadian Provinces and Territories according to their size

Click here to take the quiz!

General Stats

  • This quiz has been taken 24 times
  • The average score is 11 of 13

Answer Stats

Size(sq.km)Answer% Correct
2,093,190Nunavut
95%
1,542,056Quebec
95%
1,346,106Northwest Territories
90%
661,848Alberta
86%
944,735British Columbia
86%
72,908New Brunswick
86%
405,212Newfoundland and Labrador
86%
55,284Nova Scotia
86%
1,076,395Ontario
86%
5,660Prince Edward Island
86%
647,797Manitoba
81%
651,036Saskatchewan
81%
482,443Yukon
81%

Score Distribution

Percentile by Number Answered

Percent of People with Each Score

Your Score History

You have not taken this quiz